Loading...
Science - Chemistry | 2 | 2 | 0 | 0 | 50 | 57 | 64.25 | 1 | 4 |
Philosophy | 0 | 4 | 0 | 2 | 40 | 87 | 122.00 | 0 | 4 |
Science - Biology | 1 | 3 | 2 | 1 | 35 | 68 | 105.50 | 4 | 4 |
World and Other Literature | 0 | 3 | 0 | 1 | 30 | 88 | 117.67 | 0 | 3 |
Literature - European Literature | 0 | 2 | 0 | 1 | 20 | 122 | 132.50 | 1 | 2 |
Science - Physics | 0 | 2 | 1 | 0 | 15 | 88 | 101.00 | 1 | 2 |
Other Science: Earth Science | 0 | 1 | 0 | 0 | 10 | 117 | 117.00 | 0 | 1 |
Beliefs | 0 | 1 | 0 | 1 | 10 | 148 | 148.00 | 0 | 1 |
Literature - American Literature | 0 | 1 | 0 | 0 | 10 | 71 | 71.00 | 0 | 1 |
Literature - British Literature | 0 | 1 | 0 | 0 | 10 | 131 | 131.00 | 0 | 1 |
Ancient History and Archaeology | 0 | 1 | 0 | 0 | 10 | 119 | 119.00 | 0 | 1 |
Social Science | 0 | 1 | 0 | 1 | 10 | 119 | 119.00 | 0 | 1 |
Fine Arts - Visual Fine Arts | 0 | 1 | 1 | 0 | 5 | 140 | 140.00 | 0 | 1 |
Other Science: Computer Science | 0 | 1 | 1 | 0 | 5 | 116 | 116.00 | 0 | 1 |